|
|
|
|
| LEADER |
01223cam a2200277 i 4500 |
| 001 |
607 |
| 003 |
BD-DhAAL |
| 005 |
20141204105339.0 |
| 008 |
141204s1977 dcu b 100 0 eng |
| 010 |
|
|
|a 77081318
|
| 020 |
|
|
|a 0309026288
|
| 040 |
|
|
|a DLC
|c DLC
|d DLC
|d InU
|d DLC
|d BD-DhAAL
|
| 050 |
0 |
0 |
|a TX345
|b .N35 1977
|
| 082 |
0 |
0 |
|a 338.1/9
|2 22
|
| 110 |
2 |
|
|a National Research Council (U.S.).
|b World Food and Nutrition Study Steering Committee.
|9 6525
|
| 245 |
1 |
0 |
|a World food and nutrition study :
|b the potential contributions of research /
|c prepared by the Steering Committee, NRC Study on World Food and Nutrition of the Commission on International Relations, National Research Council.
|
| 260 |
|
|
|a Washington :
|b National Academy of Sciences,
|c 1977.
|
| 300 |
|
|
|a xxvi, 192 p. ;
|c 23 cm.
|
| 504 |
|
|
|a Bibliography: p. 189-192.
|
| 541 |
|
|
|e 607
|
| 650 |
|
0 |
|a Food
|x Congresses.
|9 6526
|
| 650 |
|
0 |
|a Nutrition
|x Congresses.
|9 6527
|
| 650 |
|
0 |
|a Food
|x Research
|x Congresses.
|9 6528
|
| 942 |
|
|
|2 ddc
|c BK
|
| 999 |
|
|
|c 33212
|d 33212
|
| 952 |
|
|
|0 0
|1 0
|2 ddc
|4 0
|6 338_190000000000000_WOR
|7 0
|9 44329
|a BRACUL
|b BRACUL
|c GEN
|d 2014-12-04
|g 0.00
|l 0
|o 338.19 WOR
|p 3010000607
|r 2014-12-04
|t 1
|w 2014-12-04
|y BK
|z Not price in Register
|x Not price in Register
|